000 01025 a2200277 4500
003 OSt
005 20180116192349.0
008 120601t xxu||||| |||| 00| 0 eng d
010 _a 2009007564
020 _a9781844074860 (hardback)
020 _a1844074862 (hardback)
035 _a(OCoLC)ocn277203973
040 _c0
082 0 0 _a690.24
100 1 _aBaker, Nick
_93324
245 1 4 _aThe handbook of sustainable refurbishment :
_bnon-domestic buildings /
_cNick V. Baker.
260 _aLondon :
_aSterling, VA :
_bEarthscan co-published with RIBA Publishing,
_c2009.
300 _ax, 172 p. :
_bcol. ill., plans ;
_c26 cm.
500 _aIncludes index.
650 1 0 _aBuildings
_xRepair and reconstruction.
_93325
650 1 0 _aPublic buildings
_xRepair and reconstruction.
_93326
650 1 0 _aCommercial buildings
_xRemodeling.
_93327
650 1 0 _aSustainable buildings
_xDesign and construction.
_93328
942 _aSADA
_cBK
_k690.24 BAK 2009
_2ddc
999 _c352882
_d352882